00241nam a2200085Ia 4500008004100000100002600041245003600067260004300103260000900146170620s9999 xx 000 0 und d aSharma- R. A. (Hindi) 0aSamajik vigyan shikshan (Hindi) bMeerut- International Publishing House c2004